Statistics for 5 Biggest Cities : Cuba

Click here to take the quiz!

General Stats

  • This quiz has been taken 92 times
  • The average score is 3 of 5

Answer Stats

RankCity% Correct
1.Havana
99%
2.Santiago de Cuba
70%
5.Guantanamo
41%
3.Camaguey
34%
4.Holguin
28%

Score Distribution

Percentile by Number Answered

Percent of People with Each Score

Your Score History

You have not taken this quiz